000
00308nam a22001217a 4500
008
160523b xxu||||| |||| 00| 0 eng d
020
_a
9780495116691
020
_a
0495116696
041
_a
eng
080
_a
612.39
245
_a
Understanding nutrition :
_c
Ellie Whitney; Sharon Rady Rolfes;
942
_2
udc
_c
BK
999
_c
2377
_d
2377